000 00523nam a2200169 i 4500
001 56755
003 ES-MaACL
005 20230906163434.0
007 t|
008 031013s1966 sp ||||1| spa d
100 1 _aDietrich, Richard.
_944625
245 1 0 _aTeoría e investigación históricas en la actualidad /
_cRichard Dietrich ; [versión, Rafael de la Vega].
260 _aMadrid :
_bGredos,
_c[1966]
300 _a204 p. ;
_c19 cm.
700 1 _aVega, Rafael de la.
_9113581
852 _aES-MaACL
_jC-30456
_bR.59956
999 _c56755
_d56755